Quintessence of Pharmacovigilance (Record no. 13472)

MARC details
000 -LEADER
fixed length control field 00395nam a22001577a 4500
003 - CONTROL NUMBER IDENTIFIER
control field OSt
008 - FIXED-LENGTH DATA ELEMENTS--GENERAL INFORMATION
fixed length control field 250430b |||||||| |||| 00| 0 eng d
020 ## - INTERNATIONAL STANDARD BOOK NUMBER
International Standard Book Number 9789386819468
082 ## - DEWEY DECIMAL CLASSIFICATION NUMBER
Classification number 615.1 CHQ
100 ## - MAIN ENTRY--PERSONAL NAME
Personal name Chatterjee, Tapan Kumar
245 ## - TITLE STATEMENT
Title Quintessence of Pharmacovigilance
260 ## - PUBLICATION, DISTRIBUTION, ETC. (IMPRINT)
Place of publication, distribution, etc Hyderabad
Name of publisher, distributor, etc Pharmamed
Date of publication, distribution, etc 2024
300 ## - PHYSICAL DESCRIPTION
Extent xiv,241
650 ## - SUBJECT ADDED ENTRY--TOPICAL TERM
Topical term or geographic name as entry element Pharmacovigilance
942 ## - ADDED ENTRY ELEMENTS (KOHA)
Source of classification or shelving scheme Dewey Decimal Classification
Koha item type Text Books
Holdings
Withdrawn status Lost status Source of classification or shelving scheme Damaged status Not for loan Collection code Home library Current library Date acquired Source of acquisition Currency Cost, normal purchase price Bill Number Total Checkouts Full call number Acc. no. / Barcode Date last seen Actual Cost, discounted price Bill Date Koha item type Checked out Date last borrowed
    Dewey Decimal Classification     B.Pharma PIET C-LIBRARY PIET C-LIBRARY 22/04/2025 Zafaa Books Distributres Rs 375.00 ZBD0062   615.1 CHQ BP2812 30/04/2025 262.50 30/04/2025 Reference Books    
    Dewey Decimal Classification     B.Pharma PIET C-LIBRARY PIET C-LIBRARY 22/04/2025 Zafaa Books Distributres Rs 375.00 ZBD0062   615.1 CHQ BP2813 30/04/2025 262.50 30/04/2025 Text Books    
    Dewey Decimal Classification     B.Pharma PIET C-LIBRARY PIET C-LIBRARY 22/04/2025 Zafaa Books Distributres Rs 375.00 ZBD0062 1 615.1 CHQ BP2814 17/06/2025 262.50 30/04/2025 Text Books 05/01/2026 17/06/2025
    Dewey Decimal Classification     B.Pharma PIET C-LIBRARY PIET C-LIBRARY 22/04/2025 Zafaa Books Distributres Rs 375.00 ZBD0062   615.1 CHQ BP2815 30/04/2025 262.50 30/04/2025 Text Books    
    Dewey Decimal Classification     B.Pharma PIET C-LIBRARY PIET C-LIBRARY 22/04/2025 Zafaa Books Distributres Rs 375.00 ZBD0062   615.1 CHQ BP2816 30/04/2025 262.50 30/04/2025 Text Books    

Design & Developed by: PIET Central Library
R70 Miles Stone Pattikalyana Samalkha Panipat 132102
mail ID :- [email protected], Phone No:- 0180-2569700 Ex.216